[Event "UK Blitz Championship"]
[Site "Leamington"]
[Date "2025.11.22"]
[Round "8.2"]
[White "Vijayakumar, Rishi"]
[Black "Maroroa Jones, Gawain C B"]
[Result "0-1"]
[WhiteElo "2399"]
[BlackElo "2663"]
[PlyCount "170"]
[EventDate "2025.11.22"]
[EventType "tourn (blitz)"]
[EventRounds "15"]
[EventCountry "GBR"]
[SourceTitle "BritBase"]
[Source "John Saunders"]
[SourceDate "2025.11.23"]
[SourceVersion "1"]
[SourceVersionDate "2025.11.23"]
[SourceQuality "1"]

1. d4 Nf6 2. c4 d6 3. Nf3 Nbd7 4. Nc3 e5 5. e4 g6 6. g3 Bg7 7. Bg2 O-O 8. O-O b6 9. Be3 Bb7 10. dxe5 dxe5 11. Qc2 Re8 12. Rad1 Qb8 13. Nd5 c6 14. Nxf6+ Nxf6 15. c5 Ng4 16. Bc1 bxc5 17. Qxc5 Ba6 18. Rfe1 Qb6 19. Qc2 Bf8 20. h3 Nf6 21. Be3 c5 22. Nd2 Rad8 23. Bf1 Bxf1 24. Kxf1 Qe6 25. Kg2 Qxa2 26. Ra1 Qe6 27. Rxa7 Nd7 28. Rea1 Nb8 29. Nb3 Nc6 30. R7a6 Nb4 31. Rxe6 Nxc2 32. Rxe8 Rxe8 33. Rc1 Nxe3+ 34. fxe3 Rb8 35. Nxc5 Rxb2+ 36. Kf3 Bxc5 37. Rxc5 f6 38. Rc7 Rb8 39. Ra7 Rf8 40. g4 Rf7 41. Ra8+ Kg7 42. Ra6 Re7 43. h4 Rf7 44. Rb6 h5 45. gxh5 gxh5 46. Rc6 Ra7 47. Rc2 Ra1 48. Rc7+ Kg6 49. Rc2 Rh1 50. Rg2+ Kf7 51. Kg3 Re1 52. Kf2 Rh1 53. Kg3 Ke6 54. Ra2 Rg1+ 55. Kf2 Rg4 56. Kf3 Rxh4 57. Ra8 Kf7 58. Ra1 Rg4 59. Ra8 Rg8 60. Ra7+ Kg6 61. Kg3 Rb8 62. Re7 Rb3 63. Kf3 Rb1 64. Re8 Rf1+ 65. Kg2 Rd1 66. Rb8 Kg5 67. Rg8+ Kh4 68. Rf8 Rd2+ 69. Kf3 Rd6 70. Kg2 Ra6 71. Rf7 Ra2+ 72. Kf3 Kg5 73. Rg7+ Kh6 74. Rb7 h4 75. Kg4 Ra3 76. Kxh4 Rxe3 77. Rb4 Rf3 78. Kg4 Rf4+ 79. Kg3 Kg5 80. Rc4 f5 81. Rc8 Rg4+ 82. Kf3 Rf4+ 83. Kg3 Rxe4 84. Rg8+ Kf6 85. Rf8+ Ke6 0-1

[Event "UK Blitz Championship"]
[Site "Leamington"]
[Date "2025.11.22"]
[Round "8.3"]
[White "Gormally, Daniel W"]
[Black "Gasanov, Eldar"]
[Result "1-0"]
[WhiteElo "2485"]
[BlackElo "2425"]
[PlyCount "73"]
[EventDate "2025.11.22"]
[EventType "tourn (blitz)"]
[EventRounds "15"]
[EventCountry "GBR"]
[SourceTitle "BritBase"]
[Source "John Saunders"]
[SourceDate "2025.11.23"]
[SourceVersion "1"]
[SourceVersionDate "2025.11.23"]
[SourceQuality "1"]

1. e4 c5 2. Nf3 Nc6 3. c3 d5 4. exd5 Qxd5 5. d4 Nf6 6. Na3 Bg4 7. Be2 e6 8. O-O cxd4 9. Nb5 O-O-O 10. Nfxd4 Nxd4 11. Nxd4 h5 12. h3 Bxe2 13. Qxe2 Bd6 14. Nb5 Bb8 15. c4 Qe4 16. Be3 Ng4 17. Rfe1 Nxe3 18. Qxe3 Qxe3 19. Rxe3 Rd2 20. b4 Rhd8 21. c5 Rxa2 22. Rc1 Rb2 23. Nd6+ Bxd6 24. cxd6+ Kd7 25. Rc7+ Kxd6 26. Rxb7 Rd2 27. Rxf7 Rd7 28. Rxd7+ Kxd7 29. Ra3 Kd6 30. Rxa7 g5 31. h4 gxh4 32. Rh7 Rd5 33. Kh2 Kc6 34. Kh3 Rg5 35. Rh6 Kd5 36. b5 Rg4 37. Rxh5+ 1-0

[Event "UK Blitz Championship"]
[Site "Leamington"]
[Date "2025.11.22"]
[Round "8.4"]
[White "Czopor, Maciej"]
[Black "Banerjee, Supratit"]
[Result "1/2-1/2"]
[WhiteElo "2377"]
[BlackElo "2327"]
[PlyCount "95"]
[EventDate "2025.11.22"]
[EventType "tourn (blitz)"]
[EventRounds "15"]
[EventCountry "GBR"]
[SourceTitle "BritBase"]
[Source "John Saunders"]
[SourceDate "2025.11.23"]
[SourceVersion "1"]
[SourceVersionDate "2025.11.23"]
[SourceQuality "1"]

1. e4 e6 2. d4 d5 3. e5 c5 4. c3 Nc6 5. Nf3 Bd7 6. Be2 Nge7 7. Na3 cxd4 8. cxd4 Nf5 9. Nc2 Be7 10. O-O O-O 11. Bd3 f6 12. Bxf5 exf5 13. Re1 fxe5 14. Nxe5 Bf6 15. Bf4 g5 16. Nxc6 Bxc6 17. Be5 f4 18. Nb4 f3 19. gxf3 Qd7 20. Kg2 Rae8 21. Nxc6 bxc6 22. Bxf6 Rxf6 23. Rxe8+ Qxe8 24. Qd2 Qf7 25. Re1 h6 26. Qe3 Kh7 27. Qa3 Kg6 28. Re7 Rxf3 29. Rxf7 Rxa3 30. Rc7 Rxa2 31. Rxc6+ Kf5 32. Rxh6 Rxb2 33. Ra6 Rb4 34. Rxa7 Rxd4 35. Kf3 Rd3+ 36. Ke2 Rh3 37. Rf7+ Ke6 38. Rg7 Kf6 39. Rd7 Ke5 40. Rg7 Rh5 41. Re7+ Kd4 42. Rg7 Rxh2 43. Rxg5 Rh4 44. Rg8 Re4+ 45. Kd2 Rf4 46. Ke2 Re4+ 47. Kd2 Rf4 48. Ke2 1/2-1/2

[Event "UK Blitz Championship"]
[Site "Leamington"]
[Date "2025.11.22"]
[Round "8.5"]
[White "Waldhausen Gordon, Frederick"]
[Black "Balaji, Aaravamudhan"]
[Result "0-1"]
[WhiteElo "2406"]
[BlackElo "2379"]
[PlyCount "64"]
[EventDate "2025.11.22"]
[EventType "tourn (blitz)"]
[EventRounds "15"]
[EventCountry "GBR"]
[SourceTitle "BritBase"]
[Source "John Saunders"]
[SourceDate "2025.11.23"]
[SourceVersion "1"]
[SourceVersionDate "2025.11.23"]
[SourceQuality "1"]

1. b3 g6 2. Bb2 Nf6 3. g3 Bg7 4. Bg2 d6 5. d4 Nc6 6. e3 O-O 7. Ne2 e5 8. Nd2 Re8 9. dxe5 dxe5 10. Nc4 Qe7 11. Ba3 Qe6 12. e4 Rd8 13. Qc1 b5 14. Ne3 b4 15. Bb2 Ba6 16. a3 Nd4 17. Ng1 bxa3 18. Rxa3 Bf8 19. f3 Bb4+ 20. Kf2 Bxa3 21. Bxa3 Qb6 22. Nh3 Ne2 23. Qe1 Nd4 24. Qc1 Qa5 25. Re1 Rd7 26. Bb2 Rad8 27. Nc4 Bxc4 28. bxc4 Qc5 29. Re3 Qxc4 30. c3 Nb3 31. Qb1 Rd1 32. Qa2 R8d2+ 0-1

[Event "UK Blitz Championship"]
[Site "Leamington"]
[Date "2025.11.22"]
[Round "8.6"]
[White "Ganti, Shriaansh"]
[Black "Wells, Peter K"]
[Result "1-0"]
[WhiteElo "2126"]
[BlackElo "2384"]
[PlyCount "109"]
[EventDate "2025.11.22"]
[EventType "tourn (blitz)"]
[EventRounds "15"]
[EventCountry "GBR"]
[SourceTitle "BritBase"]
[Source "John Saunders"]
[SourceDate "2025.11.23"]
[SourceVersion "1"]
[SourceVersionDate "2025.11.23"]
[SourceQuality "1"]

1. e4 c5 2. Nf3 d6 3. Nc3 Nf6 4. e5 dxe5 5. Nxe5 e6 6. g3 Nbd7 7. Nc4 a6 8. Bg2 Ra7 9. a4 b6 10. O-O Bb7 11. Bxb7 Rxb7 12. Qf3 Qc8 13. d3 Be7 14. Bf4 O-O 15. Bd6 Nb8 16. Bxe7 Rxe7 17. Nxb6 Qb7 18. Qxb7 Rxb7 19. Nc4 Nc6 20. b3 Nd4 21. Ne3 h5 22. Kg2 Ng4 23. Nxg4 hxg4 24. Rac1 f5 25. Rfe1 Kf7 26. Ne2 Nf3 27. Red1 Rh8 28. Rh1 Kf6 29. h3 Rbb8 30. hxg4 fxg4 31. Nc3 Kf5 32. Ne4 Rxh1 33. Rxh1 Nd4 34. Rh5+ Kg6 35. Rxc5 Rh8 36. Rg5+ Kf7 37. Rxg4 Nxc2 38. Nc5 Rc8 39. Rc4 Ne1+ 40. Kf1 Nf3 41. Rf4+ Ke7 42. Rxf3 Rxc5 43. d4 Rc2 44. Rd3 Kd6 45. Kg2 g5 46. Kf3 Kd5 47. Re3 Kxd4 48. Rxe6 Rc3+ 49. Re3 Rc5 50. Kg4 Rc2 51. Rf3 Ke4 52. Rf6 Ke5 53. Rxa6 Rxf2 54. Ra5+ Ke4 55. Rxg5 1-0

[Event "UK Blitz Championship"]
[Site "Leamington"]
[Date "2025.11.22"]
[Round "8.7"]
[White "Bazakutsa, Svyatoslav"]
[Black "Kozusek, Daniel"]
[Result "1-0"]
[WhiteElo "2404"]
[BlackElo "2316"]
[PlyCount "52"]
[EventDate "2025.11.22"]
[EventType "tourn (blitz)"]
[EventRounds "15"]
[EventCountry "GBR"]
[SourceTitle "BritBase"]
[Source "John Saunders"]
[SourceDate "2025.11.23"]
[SourceVersion "1"]
[SourceVersionDate "2025.11.23"]
[SourceQuality "1"]

1. b3 d5 2. Bb2 c5 3. e3 Nf6 4. Nf3 g6 5. c4 dxc4 6. bxc4 Bg7 7. g3 b6 8. Bg2 Bb7 9. O-O O-O 10. d3 Nc6 11. Qe2 Qd7 12. Nc3 Rad8 13. Rad1 Qc8 14. Ne1 Qa8 15. f4 Nb4 16. g4 Bxg2 17. Nxg2 Rd7 18. a3 Nc6 19. g5 Ne8 20. f5 gxf5 21. Rxf5 Nd6 22. Rff1 e6 23. Nf4 Qd8 24. Kh1 Be5 25. Nh5 Kh8 26. Nf6 Bxf6 1-0

[Event "UK Blitz Championship"]
[Site "Leamington"]
[Date "2025.11.22"]
[Round "8.8"]
[White "Siva, Mahadevan"]
[Black "Badacsonyi, Stanley"]
[Result "0-1"]
[WhiteElo "2365"]
[BlackElo "2447"]
[PlyCount "74"]
[EventDate "2025.11.22"]
[EventType "tourn (blitz)"]
[EventRounds "15"]
[EventCountry "GBR"]
[SourceTitle "BritBase"]
[Source "John Saunders"]
[SourceDate "2025.11.23"]
[SourceVersion "1"]
[SourceVersionDate "2025.11.23"]
[SourceQuality "1"]

1. e4 e6 2. d4 d5 3. Nd2 Nf6 4. e5 Nfd7 5. Bd3 c5 6. c3 Nc6 7. Ngf3 h6 8. a3 a5 9. c4 dxc4 10. Nxc4 cxd4 11. O-O Be7 12. Qe2 Nc5 13. Rd1 b6 14. Bf4 Nxd3 15. Qxd3 Ba6 16. Qe4 Rc8 17. Nxd4 Bxc4 18. Nxc6 Bd5 19. Rxd5 Qxd5 20. Qxd5 exd5 21. Nxe7 Kxe7 22. Be3 Rc6 23. Rd1 Ke6 24. Bd4 Rhc8 25. Bc3 Rc4 26. g3 g5 27. Kg2 Rd8 28. Bd4 b5 29. b3 Rc2 30. a4 bxa4 31. bxa4 Rc4 32. f4 gxf4 33. gxf4 Rxa4 34. Kf3 Kf5 35. Bb6 Ra3+ 36. Kf2 Rb8 37. Be3 Rb2+ 0-1

[Event "UK Blitz Championship"]
[Site "Leamington"]
[Date "2025.11.22"]
[Round "9.1"]
[White "Badacsonyi, Stanley"]
[Black "D'Costa, Lorin AR"]
[Result "1/2-1/2"]
[WhiteElo "2447"]
[BlackElo "2349"]
[PlyCount "94"]
[EventDate "2025.11.22"]
[EventType "tourn (blitz)"]
[EventRounds "15"]
[EventCountry "GBR"]
[SourceTitle "BritBase"]
[Source "John Saunders"]
[SourceDate "2025.11.23"]
[SourceVersion "1"]
[SourceVersionDate "2025.11.23"]
[SourceQuality "1"]

1. d4 Nf6 2. c4 e6 3. Nc3 Bb4 4. e3 O-O 5. Bd2 d5 6. Nf3 Nbd7 7. Rc1 c6 8. Bd3 Qe7 9. O-O dxc4 10. Bxc4 e5 11. a3 Bd6 12. Qc2 e4 13. Ng5 Nb6 14. Bb3 Bxh2+ 15. Kxh2 Ng4+ 16. Kg1 Qxg5 17. Qxe4 Bf5 18. Qf3 Qh5 19. Qg3 Rae8 20. Rfe1 Nf6 21. f3 Be6 22. Bxe6 fxe6 23. Ne2 e5 24. dxe5 Rxe5 25. e4 Rf7 26. Nf4 Qh6 27. Nd3 Qxd2 28. Nxe5 Rf8 29. Qf2 Qf4 30. Nd3 Qg5 31. Rc5 Qg6 32. Rf5 Nc4 33. Qc5 Nb6 34. Nf4 Qh6 35. Ne6 Re8 36. Nd4 Qh4 37. Rd1 h6 38. Re5 Rf8 39. Nf5 Qf4 40. Re7 Nh5 41. Qe5 Qg5 42. Nd6 Qe3+ 43. Kf1 Rxf3+ 44. gxf3 Qxf3+ 45. Ke1 Qe3+ 46. Kf1 Qf3+ 47. Ke1 Qe3+ 1/2-1/2

[Event "UK Blitz Championship"]
[Site "Leamington"]
[Date "2025.11.22"]
[Round "9.2"]
[White "Kozusek, Daniel"]
[Black "Siva, Mahadevan"]
[Result "0-1"]
[WhiteElo "2316"]
[BlackElo "2365"]
[PlyCount "48"]
[EventDate "2025.11.22"]
[EventType "tourn (blitz)"]
[EventRounds "15"]
[EventCountry "GBR"]
[SourceTitle "BritBase"]
[Source "John Saunders"]
[SourceDate "2025.11.23"]
[SourceVersion "1"]
[SourceVersionDate "2025.11.23"]
[SourceQuality "1"]

1. d4 d5 2. c4 e6 3. Nf3 Nf6 4. Nc3 c6 5. Qc2 Nbd7 6. e4 dxe4 7. Nxe4 Nxe4 8. Qxe4 Bb4+ 9. Bd2 Bxd2+ 10. Nxd2 c5 11. dxc5 Nxc5 12. Qe5 Qb6 13. Qxg7 Rf8 14. a3 a5 15. Be2 Bd7 16. O-O a4 17. Bf3 O-O-O 18. Qxh7 Rh8 19. Qc2 Bc6 20. Ne4 Nb3 21. Rad1 Nd4 22. Qc3 Bxe4 23. c5 Nxf3+ 24. gxf3 Rdg8+ 0-1

[Event "UK Blitz Championship"]
[Site "Leamington"]
[Date "2025.11.22"]
[Round "9.3"]
[White "Wells, Peter K"]
[Black "Bazakutsa, Svyatoslav"]
[Result "1-0"]
[WhiteElo "2384"]
[BlackElo "2404"]
[PlyCount "137"]
[EventDate "2025.11.22"]
[EventType "tourn (blitz)"]
[EventRounds "15"]
[EventCountry "GBR"]
[SourceTitle "BritBase"]
[Source "John Saunders"]
[SourceDate "2025.11.23"]
[SourceVersion "1"]
[SourceVersionDate "2025.11.23"]
[SourceQuality "1"]

1. d4 Nf6 2. Bg5 Ne4 3. Bf4 c5 4. f3 Qa5+ 5. c3 Nf6 6. d5 e6 7. e4 exd5 8. exd5 d6 9. Na3 Be7 10. Bb5+ Bd7 11. Bxd7+ Nbxd7 12. Nc4 Qa6 13. Qe2 O-O 14. Nxd6 Qxe2+ 15. Nxe2 Nxd5 16. Nf5 Rfe8 17. Kf2 Bf8 18. Bg3 N7b6 19. Rad1 g6 20. Nd6 Bxd6 21. Bxd6 Ne3 22. Rb1 Rac8 23. Rhe1 Nbc4 24. Bf4 Nd5 25. Bh6 f6 26. h4 Kf7 27. Nf4 Ne7 28. g4 Ne5 29. Rbd1 Ng8 30. g5 Nxh6 31. gxh6 Rcd8 32. Nd5 c4 33. Nc7 Rxd1 34. Rxd1 Re7 35. Nb5 a6 36. Nd6+ Ke6 37. Ne4 Nd3+ 38. Kg3 Rc7 39. b3 b5 40. bxc4 bxc4 41. Rb1 f5 42. Ng5+ Ke5 43. Rb6 Nf4 44. Rxa6 Ne2+ 45. Kf2 Nxc3 46. Ke3 Nd5+ 47. Kd2 c3+ 48. Kc1 Nb4 49. Ra5+ Kd4 50. Ne6+ Kc4 51. Nxc7 Nd3+ 52. Kc2 Ne1+ 53. Kd1 Nxf3 54. Nd5 Nd4 55. Nxc3 Kxc3 56. Ra7 f4 57. Rxh7 Nf5 58. Rh8 f3 59. h7 f2 60. Ke2 Ng3+ 61. Kxf2 Ne4+ 62. Ke3 Nf6 63. Rc8+ Kb4 64. h8=Q Nd5+ 65. Kd4 Nb6 66. Qf8+ Ka4 67. Rc3 g5 68. Ra3+ Kb5 69. Qc5# 1-0

[Event "UK Blitz Championship"]
[Site "Leamington"]
[Date "2025.11.22"]
[Round "9.4"]
[White "Balaji, Aaravamudhan"]
[Black "Ganti, Shriaansh"]
[Result "1-0"]
[WhiteElo "2379"]
[BlackElo "2126"]
[PlyCount "97"]
[EventDate "2025.11.22"]
[EventType "tourn (blitz)"]
[EventRounds "15"]
[EventCountry "GBR"]
[SourceTitle "BritBase"]
[Source "John Saunders"]
[SourceDate "2025.11.23"]
[SourceVersion "1"]
[SourceVersionDate "2025.11.23"]
[SourceQuality "1"]

1. d4 d5 2. c4 dxc4 3. Nf3 a6 4. a4 Nc6 5. e3 e5 6. Bxc4 e4 7. Nfd2 Qg5 8. g3 Qg6 9. Nc3 Nf6 10. Nd5 Bd6 11. Nxf6+ gxf6 12. Bd5 Nb4 13. Bxe4 Bf5 14. Bxf5 Qxf5 15. O-O O-O-O 16. Qf3 Qg6 17. Ne4 Be7 18. Bd2 f5 19. Nc3 h5 20. Ne2 Nd5 21. Rac1 h4 22. Ba5 Rd7 23. Nf4 Nxf4 24. Qxf4 Bd6 25. Qf3 hxg3 26. fxg3 Qh6 27. Rc2 Kb8 28. Be1 Re7 29. Re2 c5 30. Bc3 Rg8 31. d5 Re4 32. Rfe1 Reg4 33. Rg2 Qg5 34. Rf1 Re8 35. Bd2 Qg7 36. Qxf5 Rge4 37. Qxf7 Qxb2 38. h4 Qb3 39. h5 Qd3 40. h6 Rh8 41. Qg7 Ree8 42. a5 Be5 43. Qf7 Qe4 44. d6 Bxd6 45. Bc3 Rxh6 46. Rb2 Rhe6 47. Bd2 Qd5 48. Rfb1 R6e7 49. Qxd5 1-0

[Event "UK Blitz Championship"]
[Site "Leamington"]
[Date "2025.11.22"]
[Round "9.5"]
[White "Banerjee, Supratit"]
[Black "Waldhausen Gordon, Frederick"]
[Result "1/2-1/2"]
[WhiteElo "2327"]
[BlackElo "2406"]
[PlyCount "146"]
[EventDate "2025.11.22"]
[EventType "tourn (blitz)"]
[EventRounds "15"]
[EventCountry "GBR"]
[SourceTitle "BritBase"]
[Source "John Saunders"]
[SourceDate "2025.11.23"]
[SourceVersion "1"]
[SourceVersionDate "2025.11.23"]
[SourceQuality "1"]

1. e4 c5 2. Nf3 Nc6 3. d4 cxd4 4. Nxd4 Nf6 5. Nc3 e5 6. Ndb5 d6 7. Bg5 a6 8. Na3 b5 9. Nab1 Be7 10. Bxf6 Bxf6 11. a4 b4 12. Nd5 Bg5 13. Bc4 O-O 14. O-O Rb8 15. b3 Kh8 16. Qd3 f5 17. Nd2 a5 18. f3 Nd4 19. f4 Bh6 20. fxe5 dxe5 21. Nf3 Nxf3+ 22. Qxf3 f4 23. Rad1 Qg5 24. h3 Be6 25. Rd3 Bf7 26. Qf2 Bh5 27. Kh2 Rb7 28. Qc5 Rbf7 29. Nc7 f3 30. g3 Qe7 31. Qxe7 Rxe7 32. Nd5 Ref7 33. Ne3 Rc7 34. Nf5 Bg5 35. g4 Bf7 36. Nd6 Bf4+ 37. Kg1 Bg6 38. Rfxf3 h5 39. Nf5 Rfc8 40. Nd6 Rf8 41. Nf5 Rfc8 42. Nd6 Rf8 43. gxh5 Bxh5 44. Rf2 Kh7 45. Rd5 Be3 46. Nf5 Bxf2+ 47. Kxf2 g6 48. Kg3 gxf5 49. exf5 e4 50. Rxa5 Bd1 51. Kf4 Bxc2 52. Ra6 Re8 53. Ke3 Rg7 54. f6 Bxb3 55. fxg7 Bxc4 56. Ra7 b3 57. Rb7 Re6 58. a5 Kg8 59. Rb4 Bd5 60. Rb5 Rd6 61. a6 Kxg7 62. a7 Ra6 63. Rxd5 Rxa7 64. Rb5 Ra3 65. Kxe4 b2 66. Rxb2 Rxh3 67. Rg2+ Kf6 68. Rf2+ Ke6 69. Rf3 Rh4+ 70. Rf4 Rh5 71. Ke3 Re5+ 72. Re4 Kd5 73. Rxe5+ Kxe5 1/2-1/2

[Event "UK Blitz Championship"]
[Site "Leamington"]
[Date "2025.11.22"]
[Round "9.6"]
[White "Gasanov, Eldar"]
[Black "Czopor, Maciej"]
[Result "1/2-1/2"]
[WhiteElo "2425"]
[BlackElo "2377"]
[PlyCount "118"]
[EventDate "2025.11.22"]
[EventType "tourn (blitz)"]
[EventRounds "15"]
[EventCountry "GBR"]
[SourceTitle "BritBase"]
[Source "John Saunders"]
[SourceDate "2025.11.23"]
[SourceVersion "1"]
[SourceVersionDate "2025.11.23"]
[SourceQuality "1"]

1. d4 Nf6 2. c4 c5 3. d5 b5 4. cxb5 a6 5. e3 Qa5+ 6. Nc3 Ne4 7. Bd2 Nxd2 8. Qxd2 d6 9. Nf3 g6 10. bxa6 Bxa6 11. a4 Bg7 12. Nb5 Qb6 13. Ra3 O-O 14. Be2 Nd7 15. O-O Rfb8 16. e4 Nf6 17. Qc2 Bb7 18. Rd1 Ne8 19. Nd2 Qd8 20. Nc4 Nc7 21. Rb3 Ba6 22. Nca3 Be5 23. Nxc7 Qxc7 24. Rxb8+ Qxb8 25. Bxa6 Rxa6 26. Nb5 h5 27. b3 h4 28. Qd3 Ra8 29. Rf1 Kg7 30. f4 Bf6 31. Qe2 Ra5 32. Re1 Ra8 33. e5 dxe5 34. fxe5 Bg5 35. Qg4 Bd2 36. Re2 Bb4 37. Qxh4 Qd8 38. Qe4 Qd7 39. d6 Rh8 40. Rf2 exd6 41. Nxd6 Rf8 42. Qd5 Qg4 43. Rxf7+ Rxf7 44. Qxf7+ Kh6 45. Qf8+ Kh7 46. Qf7+ Kh6 47. Qf8+ Kh7 48. Qe7+ Kh6 49. h3 Qd4+ 50. Kh2 Qf4+ 51. Kg1 Qe3+ 52. Kh2 Qf4+ 53. Kh1 Qc1+ 54. Kh2 Qf4+ 55. Kg1 Qe3+ 56. Kh2 Qf4+ 57. Kh1 Qc1+ 58. Kh2 Qf4+ 59. Kg1 Qe3+ 1/2-1/2

[Event "UK Blitz Championship"]
[Site "Leamington"]
[Date "2025.11.22"]
[Round "9.7"]
[White "Maroroa Jones, Gawain C B"]
[Black "Gormally, Daniel W"]
[Result "0-1"]
[WhiteElo "2663"]
[BlackElo "2485"]
[PlyCount "70"]
[EventDate "2025.11.22"]
[EventType "tourn (blitz)"]
[EventRounds "15"]
[EventCountry "GBR"]
[SourceTitle "BritBase"]
[Source "John Saunders"]
[SourceDate "2025.11.23"]
[SourceVersion "1"]
[SourceVersionDate "2025.11.23"]
[SourceQuality "1"]

1. Nf3 d5 2. c4 c6 3. b3 Nf6 4. Bb2 Bg4 5. e3 Nbd7 6. h3 Bxf3 7. Qxf3 e6 8. g4 Bd6 9. g5 Ne4 10. h4 Be5 11. Nc3 Qa5 12. cxd5 Bxc3 13. dxc3 Nxc3 14. a3 Nxd5+ 15. b4 Nxb4 16. Bc3 Nc2+ 17. Kd2 Qa4 18. Rc1 O-O-O 19. Bd3 Nc5 20. Rxc2 Rxd3+ 21. Kc1 Qxa3+ 22. Bb2 Qb4 23. Qxf7 Rhd8 24. Kb1 Rd1+ 25. Rxd1 Rxd1+ 26. Rc1 Rxc1+ 27. Kxc1 Nd3+ 28. Kc2 Nxb2 29. Qxg7 Nc4 30. Qh8+ Kc7 31. Qxh7+ Kb6 32. g6 Qd2+ 33. Kb3 Qd3+ 34. Ka2 Qa3+ 35. Kb1 Qb2# 0-1

[Event "UK Blitz Championship"]
[Site "Leamington"]
[Date "2025.11.22"]
[Round "9.8"]
[White "Collins, Adam"]
[Black "Vijayakumar, Rishi"]
[Result "0-1"]
[WhiteElo "2271"]
[BlackElo "2399"]
[PlyCount "118"]
[EventDate "2025.11.22"]
[EventType "tourn (blitz)"]
[EventRounds "15"]
[EventCountry "GBR"]
[SourceTitle "BritBase"]
[Source "John Saunders"]
[SourceDate "2025.11.23"]
[SourceVersion "1"]
[SourceVersionDate "2025.11.23"]
[SourceQuality "1"]

1. e4 e5 2. Nf3 Nc6 3. Bb5 a6 4. Ba4 Nf6 5. Nc3 b5 6. Bb3 Bc5 7. Nd5 Nxd5 8. exd5 Nd4 9. Nxe5 Nxb3 10. axb3 O-O 11. O-O Bb7 12. d4 Bd6 13. c4 Qh4 14. f4 Rad8 15. Qd3 f6 16. Nf3 Qh5 17. Bd2 Rfe8 18. Rae1 Qf7 19. Rxe8+ Rxe8 20. Re1 Rb8 21. Qe4 Ba8 22. Bc3 c6 23. dxc6 bxc4 24. bxc4 Qxc4 25. Qe8+ Rxe8 26. Rxe8+ Kf7 27. cxd7 Be7 28. Rxa8 Qc7 29. Kf2 Qxd7 30. Rxa6 Qb7 31. Ra1 Qb3 32. Ra7 Qc2+ 33. Kf1 Qd1+ 34. Kf2 Qc2+ 35. Kf1 Ke8 36. Ra8+ Kd7 37. Ra7+ Ke8 38. Ra8+ Kf7 39. Ra7 Qb1+ 40. Kf2 g6 41. h3 h5 42. d5 Qc2+ 43. Kf1 Qd3+ 44. Kf2 Qxd5 45. Kf1 Qc4+ 46. Kf2 Kf8 47. Ra8+ Kf7 48. Ra7 Qb5 49. Bd4 Kf8 50. Ra8+ Kf7 51. Ra7 Qd5 52. Bc3 Kf8 53. Rc7 Bc5+ 54. Ke2 Qe4+ 55. Kd2 Be3+ 56. Kd1 Qd3+ 57. Ke1 Bxf4 58. Rc8+ Kf7 59. Rc6 Qe4+ 0-1

[Event "UK Blitz Championship"]
[Site "Leamington"]
[Date "2025.11.22"]
[Round "10.1"]
[White "D'Costa, Lorin AR"]
[Black "Vijayakumar, Rishi"]
[Result "1-0"]
[WhiteElo "2349"]
[BlackElo "2399"]
[PlyCount "55"]
[EventDate "2025.11.22"]
[EventType "tourn (blitz)"]
[EventRounds "15"]
[EventCountry "GBR"]
[SourceTitle "BritBase"]
[Source "John Saunders"]
[SourceDate "2025.11.23"]
[SourceVersion "1"]
[SourceVersionDate "2025.11.23"]
[SourceQuality "1"]

1. Nf3 d5 2. e3 Nf6 3. c4 e6 4. b3 c5 5. Bb2 Nc6 6. cxd5 exd5 7. Nc3 d4 8. Na4 Be7 9. Rc1 dxe3 10. fxe3 b6 11. Bb5 Bd7 12. O-O O-O 13. Nc3 Nb4 14. Be2 Bg4 15. d4 cxd4 16. Nxd4 Bxe2 17. Qxe2 Bc5 18. Rcd1 Qe8 19. Rxf6 gxf6 20. Nf5 Kh8 21. Ne4 h6 22. Nxf6 Qe6 23. Qh5 Bxe3+ 24. Kh1 Bg5 25. Nxh6 Rad8 26. Rf1 Qxf6 27. Rxf6 Bxf6 28. Bxf6+ 1-0

[Event "UK Blitz Championship"]
[Site "Leamington"]
[Date "2025.11.22"]
[Round "10.2"]
[White "Gormally, Daniel W"]
[Black "Collins, Adam"]
[Result "1-0"]
[WhiteElo "2485"]
[BlackElo "2271"]
[PlyCount "115"]
[EventDate "2025.11.22"]
[EventType "tourn (blitz)"]
[EventRounds "15"]
[EventCountry "GBR"]
[SourceTitle "BritBase"]
[Source "John Saunders"]
[SourceDate "2025.11.23"]
[SourceVersion "1"]
[SourceVersionDate "2025.11.23"]
[SourceQuality "1"]

1. e4 c5 2. Nc3 Nc6 3. Bb5 g6 4. Bxc6 dxc6 5. d3 Bg7 6. Be3 b6 7. Qd2 h6 8. Nge2 e5 9. O-O Nf6 10. h3 Nd7 11. a3 Nf8 12. f4 exf4 13. Nxf4 Ne6 14. Nxe6 Bxe6 15. b4 c4 16. d4 Qd7 17. d5 cxd5 18. exd5 O-O-O 19. Rad1 Rhe8 20. Bd4 Bxd4+ 21. Qxd4 Bf5 22. Rd2 h5 23. a4 Kb8 24. a5 Qb7 25. Qxc4 Rc8 26. Qf4+ Ka8 27. Nb5 Re4 28. Qd6 bxa5 29. Nd4 Qxb4 30. Qxb4 axb4 31. Nxf5 gxf5 32. Rxf5 Rec4 33. d6 Rxc2 34. d7 Rc1+ 35. Kh2 Rd8 36. Rxh5 Rc7 37. Rhd5 b3 38. h4 Rb7 39. Rb2 Rbxd7 40. Rxd7 Rxd7 41. Rxb3 Rd5 42. g4 a5 43. h5 Ka7 44. Kg3 Ka6 45. h6 Rd8 46. Kf4 Rh8 47. Kg5 Rg8+ 48. Kf5 a4 49. Rb1 Ka5 50. Rb7 Rh8 51. g5 Rf8 52. Kf6 a3 53. Ra7+ Kb4 54. Kg7 Rd8 55. h7 Kb3 56. h8=Q Rxh8 57. Kxh8 Kb2 58. Kg7 1-0

[Event "UK Blitz Championship"]
[Site "Leamington"]
[Date "2025.11.22"]
[Round "10.3"]
[White "Czopor, Maciej"]
[Black "Maroroa Jones, Gawain C B"]
[Result "0-1"]
[WhiteElo "2377"]
[BlackElo "2663"]
[PlyCount "70"]
[EventDate "2025.11.22"]
[EventType "tourn (blitz)"]
[EventRounds "15"]
[EventCountry "GBR"]
[SourceTitle "BritBase"]
[Source "John Saunders"]
[SourceDate "2025.11.23"]
[SourceVersion "1"]
[SourceVersionDate "2025.11.23"]
[SourceQuality "1"]

1. e4 e5 2. Nc3 Nf6 3. d4 exd4 4. Qxd4 Nc6 5. Qd3 Bc5 6. Bf4 d6 7. O-O-O Bxf2 8. Nf3 O-O 9. Qe2 Bb6 10. Bg5 h6 11. Bh4 Re8 12. Nd5 Bf5 13. Nxf6+ gxf6 14. Qd2 Rxe4 15. Kb1 Be3 16. Qc3 Ne5 17. Bd3 Nxd3 18. Bxf6 Qd7 19. Rxd3 Rae8 20. Bh8 Rg4 21. Rxe3 Rxe3 22. Qxe3 Kxh8 23. Qxh6+ Kg8 24. Re1 Rg6 25. Qf4 Rxg2 26. Nh4 Bxc2+ 27. Kc1 Rg4 28. Qf2 Bg6 29. Nxg6 Rxg6 30. Kb1 Qg4 31. a3 Kg7 32. Qxa7 Qf3 33. Qd4+ Qf6 34. Qb4 b6 35. h4 d5 0-1